Chip počítač, internet, komunikace

Gespeichert in:
Bibliographische Detailangaben
Format: Schriftenreihe
Sprache:Tschechisch
Veröffentlicht: Praha Vogel Burda Communications 2004
Schlagworte:
Tags: Tag hinzufügen
Keine Tags, Fügen Sie das erste Tag hinzu!

MARC

LEADER 00000nas2a22000001 4500
001 0069619
005 20080124104857.3
022 |a 1210-0684 
041 0 |a cze 
044 |a CZ 
245 1 0 |a Chip  |b počítač, internet, komunikace 
264 1 |a Praha  |b Vogel Burda Communications  |c 2004 
773 0 |w eu_un_cat*s120051 
610 2 0 |a technika výpočtová 
610 2 0 |a hardvér 
610 2 0 |a softvér